<?xml version="1.0" encoding="UTF-8"?><?xml-stylesheet type="text/xsl" href="static/style.xsl"?><OAI-PMH xmlns="http://www.openarchives.org/OAI/2.0/" xmlns:xsi="http://www.w3.org/2001/XMLSchema-instance" xsi:schemaLocation="http://www.openarchives.org/OAI/2.0/ http://www.openarchives.org/OAI/2.0/OAI-PMH.xsd"><responseDate>2026-06-01T23:27:03Z</responseDate><request verb="GetRecord" identifier="oai:riuma.uma.es:10630/38782" metadataPrefix="marc">https://riuma.uma.es/rest/oai/request</request><GetRecord><record><header><identifier>oai:riuma.uma.es:10630/38782</identifier><datestamp>2026-02-03T11:43:39Z</datestamp><setSpec>com_10630_2254</setSpec><setSpec>col_10630_37956</setSpec></header><metadata><record xmlns="http://www.loc.gov/MARC21/slim" xmlns:dcterms="http://purl.org/dc/terms/" xmlns:doc="http://www.lyncode.com/xoai" xmlns:xsi="http://www.w3.org/2001/XMLSchema-instance" xsi:schemaLocation="http://www.loc.gov/MARC21/slim http://www.loc.gov/standards/marcxml/schema/MARC21slim.xsd">
   <leader>00925njm 22002777a 4500</leader>
   <datafield ind2=" " ind1=" " tag="042">
      <subfield code="a">dc</subfield>
   </datafield>
   <datafield ind2=" " ind1=" " tag="720">
      <subfield code="a">Casado-Casado, Belén María</subfield>
      <subfield code="e">author</subfield>
   </datafield>
   <datafield ind2=" " ind1=" " tag="260">
      <subfield code="c">2023</subfield>
   </datafield>
   <datafield ind2=" " ind1=" " tag="520">
      <subfield code="a">En este libro su autora ha querido hacer un estudio de las formas legales existentes para dejar en vida bienes inmuebles a los hijos. Es una realidad los inconvenientes que presentan algunos jóvenes en la actualidad para conseguir emanciparse y tener su propia vivienda ante los altos precios de venta y de alquiler. &#xd;
Las formas actuales de donación pueden servir a este fin, pero sus diversas variantes se conocen escasamente en la práctica y tienen un inconveniente importante a nivel de fiscalidad. También es cierto que estas donaciones pueden ser fuente de problemas de futuro, de conflictividad judicial entre herederos cuando se produce el fallecimiento y se abre la sucesión.&#xd;
La autora se sumerge en este libro de una forma exquisitamente rigurosa en las figuras jurídicas existentes para transmitir en vida los bienes y plantea los cambios normativos necesarios, cambios capaces de articular vías más eficaces a nivel legal. En un estudio tremendamente operativo a nivel práctico, plantea finalmente particiones en vida y pactos sucesorios como formas de adelantar los efectos de la herencia. Presenta también esquemas de ideas para  su mejor comprensión en cada capítulo y al final del libro recoge formularios que pueden ser utilizados por los prácticos del Derecho</subfield>
   </datafield>
   <datafield ind1="8" ind2=" " tag="024">
      <subfield code="a">CASADO CASADO, BELÉN MARÍA, (2023), La transmisión en vida de bienes inmuebles de padres a hijos como sucesión anticipada, Tirant lo Blanch, Valencia</subfield>
   </datafield>
   <datafield ind1="8" ind2=" " tag="024">
      <subfield code="a">9788411974844</subfield>
   </datafield>
   <datafield ind1="8" ind2=" " tag="024">
      <subfield code="a">https://hdl.handle.net/10630/38782</subfield>
   </datafield>
   <datafield ind1="8" ind2=" " tag="024">
      <subfield code="a">10.36151/TLB_9788411974844</subfield>
   </datafield>
   <datafield tag="653" ind2=" " ind1=" ">
      <subfield code="a">Herencia y sucesión</subfield>
   </datafield>
   <datafield ind2="0" ind1="0" tag="245">
      <subfield code="a">La transmisión en vida de bienes inmuebles de padres a hijos como sucesión anticipada.</subfield>
   </datafield>
</record>
</metadata></record></GetRecord></OAI-PMH>